[Event "46th GRE-chT Premier 2018"]
[Site "Rio Achaia"]
[Date "2018.07.12"]
[Round "4"]
[White "Dorfanis, Ilarion"]
[Black "Georgiadis, Ioannis"]
[Result "0-1"]
[WhiteElo "2179"]
[BlackElo "2465"]
[Annotator "TA"]
[PlyCount "146"]
[EventDate "2018.07.10"]
[EventType "team-tourn"]
[EventCountry "GRE"]
[SourceTitle "playchess.com"]
[Source "ChessBase"]
[SourceQuality "1"]

{[%evp 16,146,10,8,24,23,40,35,47,54,54,58,51,51,54,53,76,54,54,0,0,0,0,0,0,0,8,0,0,0,15,10,11,0,0,0,-2,-9,0,0,0,0,0,0,8,0,0,0,0,0,15,6,23,0,0,0,0,-37,-45,-7,0,0,0,0,0,0,0,0,0,0,0,0,0,0,0,0,0,0,0,0,0,0,0,0,0,0,0,0,0,0,0,0,0,0,0,0,0,0,0,0,0,0,0,0,0,0,0,-171,-162,-134,-44,-29952,-29945,-29938,-29936,-12843,-12850,-29979,-29980,-29980,-29981,-29981,-29982,-29982,-29983,-29983,-29984,-29984,-29985,-29985,-29986,-29986,-29987]} 1. Nf3 Nf6 2. c4 e6 3. Nc3 Bb4 4. Qc2 O-O 5. a3 Bxc3 6. Qxc3 d6 7. b4 {A17: Englische Eröffnung} e5 8. Bb2 a5 9. e3 {LiveBook: 16 Partien. Die Stellung ist ausgeglichen.} Re8 $146 ({Vorgänger:} 9... b6 10. Be2 axb4 11. axb4 Rxa1+ 12. Bxa1 c5 13. b5 Re8 14. d3 Nbd7 {½-½ (29) Cheparinov,I (2687)-Almasi,Z (2688) Varadero 2016}) 10. Be2 axb4 11. axb4 Rxa1+ 12. Bxa1 b6 13. O-O Bb7 14. d3 Nbd7 15. Bb2 Nf8 16. Nd2 Ne6 17. Bf3 (17. Ra1 $14) 17... Bxf3 $11 18. Nxf3 b5 19. Ra1 Qb8 20. Ra5 bxc4 21. dxc4 Qb7 22. Nd2 h5 23. Qa3 Rb8 24. Rb5 (24. b5 {is more complex.} Nd7 25. Bc3 Qc8 26. Bb4 Qd8 27. Qa2) 24... Qc8 25. Rxb8 Qxb8 26. Qa4 Nc5 27. Qa3 Nce4 28. Nxe4 Nxe4 29. f3 Nf6 30. Kf2 Nd7 31. Bc3 Qb7 32. Qa4 Nf6 33. b5 Qc8 34. Ke2 Qf5 35. Qd1 Qg5 36. Qg1 Nd7 37. e4 f5 {[#] Und ...fxe4 würde nun gewinnen.} 38. Bd2 Qg6 39. exf5 Qf7 40. Qc1 Qxf5 41. Qc3 e4 42. Qd4 exf3+ 43. gxf3 Nb6 44. Bc3 {[%csl Gc3][%cal Rd4g7]} Qf7 45. c5 dxc5 46. Qxc5 Qa2+ 47. Bd2 Qe6+ 48. Kf2 Nd5 49. Qd4 Qd6 50. Kg1 Qg6+ 51. Kf2 Qd6 52. Kg2 Kf7 53. Qc4 Qe6 {Droht ...Se3+! und aus.} 54. Kf2 Qe5 55. Bf4 Qxf4 56. Qxd5+ {[%mdl 4096] Endspiel KD-KD} Kg6 57. Qe6+ Kh7 58. h3 Qh2+ 59. Ke3 Qg1+ 60. Kf4 Qc1+ 61. Ke5 $2 (61. Kg3 $11) 61... Qe3+ $19 62. Kd5 Qxf3+ (62... Qb3+ $17 63. Ke5 Qe3+ 64. Kd5 Qxf3+ 65. Kc4 Qf1+ 66. Kb4 Qb1+ 67. Ka5 Qa1+ 68. Kb4 Qb2+ 69. Ka4 Qf6) 63. Qe4+ $2 {[%mdl 8192]} (63. Kc4 $15) 63... Qxe4+ 64. Kxe4 {[#] K3B-KBB} g5 $1 65. Kf5 Kh6 66. Ke6 g4 {Schwarz setzt Matt.} 67. hxg4 hxg4 {KBB-KB} 68. Kd7 g3 69. Kxc7 g2 70. b6 g1=Q 71. b7 Qc5+ 72. Kd8 Qd6+ 73. Kc8 Qc6+ {Precision: Weiß = 67%, Schwarz = 58%.} 0-1

[Event "46th GRE-chT Premier 2018"]
[Site "Rio Achaia"]
[Date "2018.07.12"]
[Round "4"]
[White "Beliotis, Georgios"]
[Black "Eleftheriou, Georgios"]
[Result "1-0"]
[WhiteElo "2175"]
[BlackElo "1790"]
[Annotator "NA"]
[PlyCount "113"]
[EventDate "2018.07.10"]
[EventType "team-tourn"]
[EventCountry "GRE"]
[SourceTitle "playchess.com"]
[Source "ChessBase"]
[SourceQuality "1"]
[TimeControl "40/5400+30:1800+30"]

1. e4 {[%emt 0:11:07]} c6 {[%emt 0:00:52]} 2. d4 {[%emt 0:00:06]} d5 {[%emt 0:00:07]} 3. exd5 {[%emt 0:00:08]} cxd5 {[%emt 0:00:11]} 4. Bd3 {[%emt 0:00:12]} Nc6 {[%emt 0:00:09]} 5. c3 {[%emt 0:00:09]} Nf6 {[%emt 0:00:15]} 6. h3 {[%emt 0:00:10]} g6 {[%emt 0:00:36]} 7. Nf3 {[%emt 0:00:45]} Bf5 {[%emt 0:00:22]} 8. Bf4 {[%emt 0:06:14]} Bxd3 {[%emt 0:00:39]} 9. Qxd3 {[%emt 0:00:05]} Bg7 {[%emt 0:01:33]} 10. Nbd2 {[%emt 0:00:39]} Rc8 {[%emt 0:05:31]} 11. O-O {[%emt 0:00:36]} O-O {[%emt 0:00:40]} 12. Rfe1 {[%emt 0:01:37]} Re8 {[%emt 0:01:36]} 13. Re2 {[%emt 0:07:37]} Qb6 {[%emt 0:03:18]} 14. b4 {[%emt 0:03:02]} a5 {[%emt 0:04:59]} 15. a3 {[%emt 0:04:03]} Na7 {[%emt 0:04:15]} 16. Rae1 {[%emt 0:04:35]} e6 {[%emt 0:03:03]} 17. Re3 {[%emt 0:13:16]} axb4 {[%emt 0:06:39]} 18. axb4 {[%emt 0:00:56]} Qb5 {[%emt 0:04:11]} 19. Qb1 {[%emt 0:02:00]} Qa6 {[%emt 0:02:47]} 20. Qb2 {[%emt 0:02:36]} Nb5 {[%emt 0:01:50]} 21. Ra1 {[%emt 0:01:40]} Qb6 {[%emt 0:00:33]} 22. Ne5 {[%emt 0:00:51]} Nd6 {[%emt 0:05:34]} 23. Rf3 {[%emt 0:07:21]} Nfe4 {[%emt 0:04:54]} 24. h4 {[%emt 0:11:58]} f6 {[%emt 0:04:28]} 25. Ng4 {[%emt 0:01:30]} e5 {[%emt 0:04:42]} 26. dxe5 {[%emt 0:04:56]} fxe5 {[%emt 0:00:22]} 27. Bh6 {[%emt 0:01:25]} Nc4 {[%emt 0:05:08]} 28. Nxc4 {[%emt 0:00:15]} Rxc4 {[%emt 0:00:09]} 29. Bxg7 {[%emt 0:00:33]} Kxg7 {[%emt 0:00:07]} 30. Qc1 {[%emt 0:00:57]} Qe6 {[%emt 0:01:49]} 31. Ra7 {[%emt 0:03:53]} Rc7 {[%emt 0:02:25]} 32. Qh6+ {[%emt 0:01:33]} Kg8 {[%emt 0:00:10]} 33. Ne3 {[%emt 0:00:11]} Nxc3 {[%emt 0:03:43]} 34. h5 {[%emt 0:00:55]} Ne2+ {[%emt 0:02:11]} 35. Kh2 {[%emt 0:01:56]} e4 {[%emt 0:04:19]} 36. Rh3 {[%emt 0:02:10]} Qe5+ {[%emt 0:03:38]} 37. g3 {[%emt 0:00:12]} Rf8 {[%emt 0:06:51]} 38. hxg6 {[%emt 0:05:53]} hxg6 {[%emt 0:03:20]} 39. Ng4 {[%emt 0:00:41]} Qg7 {[%emt 0:02:58]} 40. Qe3 {[%emt 0:00:00]} Qd4 {[%emt 0:00:00]} 41. Qxe2 {[%emt 0:07:16]} Qxa7 {[%emt 0:03:14]} 42. Qb2 {[%emt 0:00:13]} Rh7 {[%emt 0:09:37]} 43. Nf6+ {[%emt 0:04:29]} Rxf6 {[%emt 0:00:27]} 44. Qxf6 {[%emt 0:00:05]} Rxh3+ {[%emt 0:00:09]} 45. Kxh3 {[%emt 0:00:05]} Qa6 {[%emt 0:00:08]} 46. Qd8+ {[%emt 0:00:22]} Kg7 {[%emt 0:00:44]} 47. Qxd5 {[%emt 0:05:35]} Qf1+ {[%emt 0:00:12]} 48. Kg4 {[%emt 0:00:13]} Qe2+ {[%emt 0:00:29]} 49. Kh4 {[%emt 0:01:43]} Kh6 {[%emt 0:06:51]} 50. Qg5+ {[%emt 0:01:08]} Kh7 {[%emt 0:00:08]} 51. Qe7+ {[%emt 0:00:56]} Kh6 {[%emt 0:00:12]} 52. Qf8+ {[%emt 0:00:16]} Kh7 {[%emt 0:00:07]} 53. g4 {[%emt 0:03:47]} Qe1 {[%emt 0:03:41]} 54. Qe7+ {[%emt 0:01:27]} Kh8 {[%emt 0:00:25]} 55. Kg5 {[%emt 0:01:10]} Qxf2 {[%emt 0:00:53]} 56. Kh6 {[%emt 0:01:54]} Qf4+ {[%emt 0:00:41]} 57. g5 {[%emt 0:00:19]} 1-0

[Event "46th GRE-chT Premier 2018"]
[Site "Rio Achaia"]
[Date "2018.07.12"]
[Round "4"]
[White "Loutragotis, Dimitrios"]
[Black "Tsaknakis, Zisis"]
[Result "1/2-1/2"]
[WhiteElo "2173"]
[BlackElo "2170"]
[Annotator "NA"]
[PlyCount "70"]
[EventDate "2018.07.10"]
[EventType "team-tourn"]
[EventCountry "GRE"]
[SourceTitle "playchess.com"]
[Source "ChessBase"]
[SourceQuality "1"]
[TimeControl "40/5400+30:1800+30"]

1. e4 {[%emt 0:00:00]} c5 {[%emt 0:01:03]} 2. Nf3 {[%emt 0:00:00]} Nc6 {[%emt 0:00:13]} 3. d4 {[%emt 0:00:41]} cxd4 {[%emt 0:00:11]} 4. Nxd4 {[%emt 0:00:04]} g6 {[%emt 0:00:05]} 5. c4 {[%emt 0:00:12]} Bg7 {[%emt 0:00:06]} 6. Be3 {[%emt 0:00:10]} Nf6 {[%emt 0:00:13]} 7. Nc3 {[%emt 0:00:07]} Ng4 {[%emt 0:02:03]} 8. Qxg4 {[%emt 0:00:15]} Nxd4 {[%emt 0:00:07]} 9. Qd1 {[%emt 0:00:05]} Ne6 {[%emt 0:00:10]} 10. Qd2 {[%emt 0:01:56]} Qa5 {[%emt 0:00:17]} 11. Rc1 {[%emt 0:00:08]} b6 {[%emt 0:00:47]} 12. Qd5 {[%emt 0:08:05]} Rb8 {[%emt 0:07:32]} 13. Qxa5 {[%emt 0:00:50]} bxa5 {[%emt 0:00:07]} 14. b3 {[%emt 0:00:40]} Bb7 {[%emt 0:08:44]} 15. Bd3 {[%emt 0:12:14]} Bd4 {[%emt 0:08:50]} 16. Kd2 {[%emt 0:12:31]} Bxe3+ {[%emt 0:11:35]} 17. Kxe3 {[%emt 0:00:07]} Rf8 {[%emt 0:01:26]} 18. f4 {[%emt 0:05:51]} f5 {[%emt 0:04:30]} 19. exf5 {[%emt 0:00:49]} gxf5 {[%emt 0:00:08]} 20. Rhg1 {[%emt 0:01:26]} h5 {[%emt 0:00:41]} 21. Be2 {[%emt 0:19:25]} Rh8 {[%emt 0:00:07]} 22. Rcd1 {[%emt 0:01:35]} Nc5 {[%emt 0:08:54]} 23. Bd3 {[%emt 0:21:04]} Nxd3 {[%emt 0:25:55]} 24. Kxd3 {[%emt 0:00:30]} Rg8 {[%emt 0:00:55]} 25. g3 {[%emt 0:00:36]} Bc6 {[%emt 0:01:55]} 26. Rb1 {[%emt 0:03:06]} Kf7 {[%emt 0:00:31]} 27. a3 {[%emt 0:04:34]} h4 {[%emt 0:02:29]} 28. b4 {[%emt 0:00:51]} hxg3 29. Rxg3 {[%emt 0:02:53]} axb4 {[%emt 0:02:44]} 30. axb4 {[%emt 0:00:04]} Rxg3+ {[%emt 0:00:37]} 31. hxg3 {[%emt 0:00:04]} Rg8 {[%emt 0:00:09]} 32. Rg1 {[%emt 0:00:18]} a6 {[%emt 0:01:48]} 33. Kd4 {[%emt 0:03:10]} d6 {[%emt 0:03:34]} 34. b5 {[%emt 0:01:29]} axb5 {[%emt 0:00:10]} 35. cxb5 {[%emt 0:00:04]} Bf3 {[%emt 0:06:43]} 1/2-1/2

[Event "46th GRE-chT Premier 2018"]
[Site "Rio Achaia"]
[Date "2018.07.12"]
[Round "4"]
[White "Panagiotakopoulos, Gerasimos"]
[Black "Maier, Christian"]
[Result "0-1"]
[WhiteElo "2165"]
[BlackElo "2378"]
[Annotator "NA"]
[PlyCount "113"]
[EventDate "2018.07.10"]
[EventType "team-tourn"]
[EventCountry "GRE"]
[SourceTitle "playchess.com"]
[Source "ChessBase"]
[SourceQuality "1"]
[TimeControl "40/5400+30:1800+30"]

1. e4 {[%emt 0:00:00]} e6 {[%emt 0:00:56]} 2. d4 {[%emt 0:00:00]} d5 {[%emt 0:00:05]} 3. Nc3 {[%emt 0:00:00]} Bb4 {[%emt 0:00:05]} 4. e5 {[%emt 0:00:00]} Ne7 {[%emt 0:00:08]} 5. Bd2 {[%emt 0:00:00]} Nf5 {[%emt 0:02:04]} 6. Bd3 {[%emt 0:09:57]} Nc6 {[%emt 0:05:48]} 7. Nf3 {[%emt 0:03:05]} Nh4 {[%emt 0:07:15]} 8. Nxh4 {[%emt 0:18:54]} Qxh4 {[%emt 0:00:06]} 9. Nb5 {[%emt 0:00:05]} Qe7 {[%emt 0:08:16]} 10. c3 {[%emt 0:02:25]} Ba5 {[%emt 0:00:37]} 11. O-O {[%emt 0:02:34]} Bd7 {[%emt 0:01:32]} 12. Na3 {[%emt 0:11:34]} O-O-O {[%emt 0:02:31]} 13. Nc2 {[%emt 0:00:55]} Bb6 {[%emt 0:02:22]} 14. b4 {[%emt 0:06:30]} f6 {[%emt 0:01:11]} 15. a4 {[%emt 0:01:18]} a5 {[%emt 0:00:50]} 16. b5 {[%emt 0:00:08]} Na7 {[%emt 0:02:56]} 17. f4 {[%emt 0:06:15]} Be8 {[%emt 0:01:06]} 18. exf6 {[%emt 0:03:23]} gxf6 {[%emt 0:00:43]} 19. Kh1 {[%emt 0:04:09]} Kb8 {[%emt 0:01:54]} 20. Qe2 {[%emt 0:00:58]} Bf7 {[%emt 0:05:17]} 21. c4 {[%emt 0:02:59]} dxc4 {[%emt 0:00:51]} 22. Bxc4 {[%emt 0:00:01]} Nc8 {[%emt 0:00:31]} 23. Bc3 {[%emt 0:06:11]} Rhe8 {[%emt 0:04:09]} 24. Qe1 {[%emt 0:02:37]} Bg6 {[%emt 0:00:44]} 25. Rc1 {[%emt 0:02:24]} Nd6 {[%emt 0:03:51]} 26. Be2 {[%emt 0:01:07]} Bxc2 {[%emt 0:03:38]} 27. Rxc2 {[%emt 0:00:01]} Nf5 {[%emt 0:00:09]} 28. Bf3 {[%emt 0:00:31]} Nxd4 {[%emt 0:01:55]} 29. Qe4 {[%emt 0:05:28]} Nxf3 {[%emt 0:00:42]} 30. Qxf3 {[%emt 0:00:04]} e5 {[%emt 0:01:49]} 31. Qe4 {[%emt 0:00:36]} Qe6 {[%emt 0:12:06]} 32. Re1 {[%emt 0:02:26]} f5 {[%emt 0:05:46]} 33. Qe2 {[%emt 0:02:31]} e4 {[%emt 0:00:29]} 34. Be5 {[%emt 0:00:48]} Rd3 {[%emt 0:06:22]} 35. Rec1 {[%emt 0:00:49]} Re7 {[%emt 0:00:05]} 36. h3 {[%emt 0:02:14]} Red7 {[%emt 0:03:12]} 37. Kh2 {[%emt 0:02:02]} Qb3 {[%emt 0:00:46]} 38. Qh5 {[%emt 0:00:31]} Qe6 {[%emt 0:01:31]} 39. Qe2 {[%emt 0:01:05]} Qg6 {[%emt 0:01:09]} 40. Qe1 {[%emt 0:00:00]} h5 {[%emt 0:00:00]} 41. Qh4 {[%emt 0:08:41]} e3 {[%emt 0:15:21]} 42. Re2 {[%emt 0:09:20]} Rd2 {[%emt 0:00:32]} 43. Rce1 {[%emt 0:00:33]} Ka7 {[%emt 0:01:05]} 44. Qg5 {[%emt 0:00:37]} Qf7 {[%emt 0:00:16]} 45. Bc3 {[%emt 0:04:02]} R2d3 {[%emt 0:00:23]} 46. Bf6 {[%emt 0:00:32]} R7d6 {[%emt 0:00:16]} 47. Be5 {[%emt 0:00:19]} Rg6 {[%emt 0:00:44]} 48. Qh4 {[%emt 0:00:15]} Rg8 {[%emt 0:00:19]} 49. Rc1 {[%emt 0:00:22]} Rd2 {[%emt 0:00:22]} 50. Qe1 {[%emt 0:00:19]} Qd5 {[%emt 0:00:05]} 51. Qf1 {[%emt 0:00:46]} Kb8 {[%emt 0:05:32]} 52. Rc2 {[%emt 0:00:46]} Qd3 {[%emt 0:05:46]} 53. Rb2 {[%emt 0:03:03]} Rd1 {[%emt 0:03:33]} 54. Qf3 {[%emt 0:00:17]} h4 {[%emt 0:01:12]} 55. Rbc2 {[%emt 0:02:28]} Rb1 {[%emt 0:01:39]} 56. Bc3 {[%emt 0:00:10]} Ka7 {[%emt 0:02:04]} 57. Be5 0-1

[Event "46th GRE-chT Premier 2018"]
[Site "Rio Achaia"]
[Date "2018.07.12"]
[Round "4"]
[White "Hrisomalis, Theodoros"]
[Black "Kesidis, Odyseas"]
[Result "1-0"]
[WhiteElo "2163"]
[BlackElo "2248"]
[Annotator "NA"]
[PlyCount "73"]
[EventDate "2018.07.10"]
[EventType "team-tourn"]
[EventCountry "GRE"]
[SourceTitle "playchess.com"]
[Source "ChessBase"]
[SourceQuality "1"]
[TimeControl "40/5400+30:1800+30"]

1. d4 {[%emt 0:00:00]} Nf6 {[%emt 0:01:18]} 2. Nf3 {[%emt 0:00:00]} g6 {[%emt 0:00:05]} 3. Bf4 {[%emt 0:02:19]} Bg7 {[%emt 0:01:01]} 4. h3 {[%emt 0:00:45]} O-O {[%emt 0:00:37]} 5. Nbd2 {[%emt 0:00:17]} c5 {[%emt 0:04:47]} 6. e3 {[%emt 0:00:56]} cxd4 {[%emt 0:00:21]} 7. exd4 {[%emt 0:00:11]} d6 {[%emt 0:00:47]} 8. Be2 {[%emt 0:01:55]} b6 {[%emt 0:00:53]} 9. O-O {[%emt 0:00:34]} Bb7 {[%emt 0:00:03]} 10. Re1 {[%emt 0:00:56]} Nbd7 {[%emt 0:01:09]} 11. Bh2 {[%emt 0:09:50]} Re8 {[%emt 0:00:37]} 12. Bf1 {[%emt 0:01:08]} Qc7 {[%emt 0:03:35]} 13. a4 {[%emt 0:01:16]} a6 {[%emt 0:01:17]} 14. a5 {[%emt 0:01:16]} b5 {[%emt 0:05:19]} 15. c4 {[%emt 0:01:47]} bxc4 {[%emt 0:00:43]} 16. Nxc4 {[%emt 0:00:25]} Rac8 {[%emt 0:10:09]} 17. Rc1 {[%emt 0:03:19]} Qd8 {[%emt 0:14:35]} 18. Qb3 {[%emt 0:09:42]} Bd5 {[%emt 0:04:10]} 19. Qa3 {[%emt 0:00:58]} Bxf3 {[%emt 0:17:00]} 20. gxf3 {[%emt 0:29:09]} Bh6 {[%emt 0:00:14]} 21. Ne3 {[%emt 0:01:07]} Rxc1 {[%emt 0:00:49]} 22. Rxc1 {[%emt 0:00:05]} Qa8 {[%emt 0:00:12]} 23. Rc3 {[%emt 0:05:49]} Nh5 {[%emt 0:05:30]} 24. Qa4 {[%emt 0:03:21]} Ndf6 {[%emt 0:04:16]} 25. Qc6 {[%emt 0:02:27]} Qa7 {[%emt 0:00:04]} 26. Qb6 {[%emt 0:04:17]} Qd7 {[%emt 0:05:33]} 27. Qxa6 {[%emt 0:01:09]} Rb8 {[%emt 0:00:09]} 28. Qe2 {[%emt 0:08:28]} Qa7 {[%emt 0:02:11]} 29. a6 {[%emt 0:01:08]} Qxd4 {[%emt 0:01:02]} 30. Qc4 {[%emt 0:00:43]} Qa7 {[%emt 0:02:02]} 31. Qc7 {[%emt 0:00:49]} Qa8 {[%emt 0:07:01]} 32. a7 {[%emt 0:00:06]} Rf8 {[%emt 0:00:38]} 33. f4 {[%emt 0:04:44]} Bxf4 {[%emt 0:02:47]} 34. Bg2 {[%emt 0:00:16]} Bxh2+ {[%emt 0:01:24]} 35. Kxh2 {[%emt 0:00:04]} d5 {[%emt 0:00:03]} 36. Rb3 {[%emt 0:01:16]} Ne8 {[%emt 0:04:32]} 37. Qb8 {[%emt 0:00:55]} 1-0

[Event "46th GRE-chT Premier 2018"]
[Site "Rio Achaia"]
[Date "2018.07.12"]
[Round "4"]
[White "Markantonaki, Haritomeni"]
[Black "Iordanidou, Zoi"]
[Result "1/2-1/2"]
[WhiteElo "2152"]
[BlackElo "2060"]
[Annotator "NA"]
[PlyCount "95"]
[EventDate "2018.07.10"]
[EventType "team-tourn"]
[EventCountry "GRE"]
[SourceTitle "playchess.com"]
[Source "ChessBase"]
[SourceQuality "1"]
[TimeControl "40/5400+30:1800+30"]

1. e4 {[%emt 0:00:00]} d5 {[%emt 0:00:01]} 2. exd5 {[%emt 0:00:00]} Qxd5 {[%emt 0:00:05]} 3. Nc3 {[%emt 0:00:00]} Qd6 {[%emt 0:00:05]} 4. d4 {[%emt 0:00:10]} Nf6 {[%emt 0:00:13]} 5. Bg5 {[%emt 0:00:33]} a6 {[%emt 0:11:54]} 6. Qd2 {[%emt 0:02:29]} Bf5 {[%emt 0:05:49]} 7. Nf3 {[%emt 0:06:29]} Nc6 {[%emt 0:12:23]} 8. Bf4 {[%emt 0:13:05]} Qd8 {[%emt 0:07:40]} 9. O-O-O {[%emt 0:18:25]} e6 {[%emt 0:24:16]} 10. a3 {[%emt 0:05:15]} Be7 {[%emt 0:04:12]} 11. h3 {[%emt 0:02:45]} O-O {[%emt 0:01:28]} 12. g4 {[%emt 0:00:39]} Ne4 {[%emt 0:01:04]} 13. Nxe4 {[%emt 0:19:44]} Bxe4 {[%emt 0:00:14]} 14. Qe3 {[%emt 0:01:54]} Bd5 {[%emt 0:16:29]} 15. Rg1 {[%emt 0:01:40]} b5 {[%emt 0:00:16]} 16. Ne5 {[%emt 0:02:39]} Nxe5 {[%emt 0:05:14]} 17. dxe5 {[%emt 0:01:34]} Qc8 {[%emt 0:00:14]} 18. Bg5 {[%emt 0:03:23]} Bxg5 {[%emt 0:02:07]} 19. Qxg5 {[%emt 0:00:01]} f6 {[%emt 0:00:34]} 20. exf6 {[%emt 0:01:23]} Rxf6 {[%emt 0:00:03]} 21. f4 {[%emt 0:04:35]} c6 {[%emt 0:01:10]} 22. Bd3 {[%emt 0:01:18]} Qf8 {[%emt 0:01:58]} 23. Qh4 {[%emt 0:03:33]} Rh6 {[%emt 0:03:01]} 24. Qg3 {[%emt 0:00:06]} Rf6 {[%emt 0:00:10]} 25. Rdf1 {[%emt 0:00:38]} Qd6 {[%emt 0:01:06]} 26. g5 {[%emt 0:01:25]} Rf5 {[%emt 0:00:07]} 27. Bxf5 {[%emt 0:00:54]} exf5 {[%emt 0:00:03]} 28. g6 {[%emt 0:01:10]} h6 {[%emt 0:00:07]} 29. Qd3 {[%emt 0:00:32]} Rf8 {[%emt 0:00:25]} 30. Qd4 {[%emt 0:00:25]} Re8 {[%emt 0:01:32]} 31. Re1 {[%emt 0:03:27]} Rxe1+ {[%emt 0:00:19]} 32. Rxe1 {[%emt 0:00:01]} Qxg6 {[%emt 0:00:07]} 33. Re7 {[%emt 0:02:25]} Qg2 {[%emt 0:00:16]} 34. b3 {[%emt 0:01:36]} Be4 {[%emt 0:00:25]} 35. Qc3 {[%emt 0:00:29]} Kf8 {[%emt 0:01:33]} 36. Rc7 {[%emt 0:00:47]} Kg8 {[%emt 0:00:38]} 37. Kb2 {[%emt 0:00:28]} Qg1 {[%emt 0:00:25]} 38. a4 {[%emt 0:01:43]} bxa4 {[%emt 0:00:28]} 39. Qc4+ {[%emt 0:00:07]} Kh7 {[%emt 0:00:44]} 40. Qxa4 {[%emt 0:00:00]} Qf2 {[%emt 0:00:00]} 41. Qc4 {[%emt 0:04:33]} Bd5 {[%emt 0:26:16]} 42. Qc3 {[%emt 0:00:32]} Qg1 {[%emt 0:00:04]} 43. Qd3 {[%emt 0:07:32]} Be4 {[%emt 0:02:02]} 44. Qxa6 {[%emt 0:00:05]} Qd4+ {[%emt 0:01:01]} 45. Ka2 {[%emt 0:00:06]} Qc3 {[%emt 0:00:24]} 46. Qa7 {[%emt 0:07:03]} Bxc2 {[%emt 0:02:18]} 47. Rb7 {[%emt 0:02:05]} Be4 {[%emt 0:00:24]} 48. Rc7 {[%emt 0:04:11]} 1/2-1/2

[Event "46th GRE-chT Premier 2018"]
[Site "Rio Achaia"]
[Date "2018.07.12"]
[Round "4"]
[White "Richterova, Natasa"]
[Black "Havanecz, Bianka"]
[Result "0-1"]
[WhiteElo "2146"]
[BlackElo "2193"]
[Annotator "NA"]
[PlyCount "106"]
[EventDate "2018.07.10"]
[EventType "team-tourn"]
[EventCountry "GRE"]
[SourceTitle "playchess.com"]
[Source "ChessBase"]
[SourceQuality "1"]
[TimeControl "40/5400+30:1800+30"]

1. e4 {[%emt 0:02:22]} e5 {[%emt 0:00:00]} 2. Nf3 {[%emt 0:00:08]} Nc6 {[%emt 0:00:00]} 3. Bc4 {[%emt 0:01:36]} Bc5 {[%emt 0:00:00]} 4. c3 {[%emt 0:00:03]} Nf6 {[%emt 0:00:00]} 5. d3 {[%emt 0:00:04]} d6 {[%emt 0:00:00]} 6. Nbd2 {[%emt 0:00:08]} O-O {[%emt 0:01:36]} 7. O-O {[%emt 0:00:19]} a5 {[%emt 0:00:07]} 8. Bb3 {[%emt 0:01:29]} b5 {[%emt 0:00:32]} 9. a4 {[%emt 0:05:07]} b4 {[%emt 0:00:06]} 10. Nc4 {[%emt 0:00:23]} Bg4 {[%emt 0:01:45]} 11. h3 {[%emt 0:04:20]} Bh5 {[%emt 0:00:47]} 12. Be3 {[%emt 0:01:57]} Ba7 {[%emt 0:05:01]} 13. Bxa7 {[%emt 0:01:00]} Rxa7 {[%emt 0:00:07]} 14. Ne3 {[%emt 0:00:18]} Nd7 {[%emt 0:07:01]} 15. g4 {[%emt 0:11:52]} Bg6 {[%emt 0:00:06]} 16. Nf5 {[%emt 0:00:28]} Nc5 {[%emt 0:00:55]} 17. Bc2 {[%emt 0:11:47]} Ne6 {[%emt 0:02:53]} 18. d4 {[%emt 0:13:21]} Nf4 {[%emt 0:00:12]} 19. Kh2 {[%emt 0:03:58]} f6 {[%emt 0:02:34]} 20. d5 {[%emt 0:10:00]} Nb8 {[%emt 0:00:25]} 21. cxb4 {[%emt 0:00:09]} axb4 {[%emt 0:00:06]} 22. Qd2 {[%emt 0:01:27]} Na6 {[%emt 0:01:25]} 23. N5h4 {[%emt 0:01:44]} Qb8 {[%emt 0:02:16]} 24. b3 {[%emt 0:01:19]} Nc5 {[%emt 0:00:19]} 25. Rfe1 {[%emt 0:01:26]} Bf7 {[%emt 0:05:22]} 26. Rab1 {[%emt 0:01:57]} c6 {[%emt 0:02:47]} 27. Ng2 {[%emt 0:03:42]} Nxg2 {[%emt 0:01:38]} 28. Kxg2 {[%emt 0:00:01]} Rc7 {[%emt 0:01:37]} 29. Re3 {[%emt 0:02:40]} cxd5 {[%emt 0:05:18]} 30. exd5 {[%emt 0:00:07]} Qb7 {[%emt 0:00:13]} 31. Rd1 {[%emt 0:00:24]} g6 {[%emt 0:00:17]} 32. Kg1 {[%emt 0:02:43]} Rfc8 {[%emt 0:01:07]} 33. Ne1 {[%emt 0:00:13]} Kg7 {[%emt 0:01:35]} 34. h4 {[%emt 0:01:22]} Rb8 {[%emt 0:06:37]} 35. Rg3 {[%emt 0:00:32]} Nd7 {[%emt 0:00:48]} 36. Be4 {[%emt 0:03:23]} Rbc8 {[%emt 0:00:21]} 37. Bg2 {[%emt 0:06:51]} Rc3 {[%emt 0:00:13]} 38. Rd3 {[%emt 0:02:10]} R8c5 {[%emt 0:04:38]} 39. Bf3 {[%emt 0:02:18]} Qc7 {[%emt 0:17:26]} 40. Kg2 {[%emt 0:00:00]} Nb6 {[%emt 0:00:00]} 41. Kg1 {[%emt 0:05:19]} h6 {[%emt 0:07:14]} 42. Be4 {[%emt 0:03:13]} Qc8 {[%emt 0:01:36]} 43. Qe2 {[%emt 0:02:57]} f5 {[%emt 0:02:51]} 44. gxf5 {[%emt 0:00:45]} gxf5 {[%emt 0:00:06]} 45. Bh1 {[%emt 0:04:51]} e4 {[%emt 0:03:16]} 46. Rd4 {[%emt 0:02:15]} Nxd5 {[%emt 0:01:42]} 47. Bxe4 {[%emt 0:01:20]} fxe4 {[%emt 0:04:16]} 48. Qxe4 {[%emt 0:01:00]} Rc1 {[%emt 0:12:42]} 49. Kh2 {[%emt 0:04:03]} Rxd1 {[%emt 0:01:00]} 50. Rxd1 {[%emt 0:00:01]} Qe6 {[%emt 0:00:38]} 51. Qg2+ {[%emt 0:01:37]} Kf8 {[%emt 0:06:56]} 52. Nd3 {[%emt 0:00:59]} Rc3 {[%emt 0:00:42]} 53. Re1 {[%emt 0:02:45]} Qf5 {[%emt 0:01:19]} 0-1